Fundamentals of heat and mass transfer /

Guardado en:
Autor Principal: Incropera, Frank P.
Otros Autores: DeWitt, David P., 1934-
Formato: Libro
Idioma:English
Publicado: New York : Wiley, c1985.
Edición:2nd ed.
Materias:
Etiquetas: Agregar Etiqueta
Sin Etiquetas, Sea el primero en etiquetar este registro!
LEADER 00873pam a22002655a 4500
001 EIQ.libpla003226
008 840706s1985####nyua#####b####001#0#eng#d
005 20071109144107.0
245 1 0 |a Fundamentals of heat and mass transfer /  |c Frank P. Incropera, David P. Dewitt. 
250 |a 2nd ed. 
260 |a New York :  |b Wiley,  |c c1985. 
300 |a xxiii, 802 p. :  |b il. ;  |c 25 cm. 
500 |a Rev. ed. of: Fundamentals of heat transfer. c1981. 
504 |a Incluye referencias bibliográficas e índice. 
020 |a 0471825611 
100 1 |a Incropera, Frank P. 
700 1 |a DeWitt, David P.,  |d 1934- 
082 0 0 |a 536/.2  |2 19 
650 4 |a Calor  |x Transferencia. 
650 4 |a Masa  |x Transferencia. 
650 4 |a Heat  |x Transfer. 
650 4 |a Mass  |x Transfer. 
010 |a  84015272  
040 |a DLC  |c DLC  |d AR-BbSID 
859 |a AR-BbSID  |b BIB. PLAPIQUI  |h 621.402 2  |i In 2  |p 2182